000
00276nam a2200109Ia 4500
008
190216s9999||||xx |||||||||||||| ||und||
100
_a
Saksena S C
245
0
_a
Principles Of Practice Of Management
260
_b
New Central Book Agencies
_c
1993
300
_a
329p
942
_c
BK
999
_c
5540
_d
5540